000
00270nam a2200121Ia 4500
005
20251222155134.0
008
251222s9999||||xx |||||||||||||| ||spa||
082
_a
BIO.13
100
_a
Atlas
245
0
_a
Los mecanismos de la vida
264
_b
No tiene
942
_c
LIB
999
_c
38936
_d
38936